भारत में मुग़ल साम्राज्य/ (Record no. 208154)

MARC details
000 -LEADER
fixed length control field 00874nam a22001937a 4500
005 - DATE AND TIME OF LATEST TRANSACTION
control field 20250113104012.0
010 ## - LCCN (DPL NO)
LC control number HIN-129180
020 ## - INTERNATIONAL STANDARD BOOK NUMBER
International Standard Book Number 9788193324349
Terms of availability 650.00
035 ## - SYSTEM CONTROL NUMBER
System control number HN-101526
037 ## - SOURCE OF ACQUISITION
Source of stock number/acquisition DBAD
082 ## - DEWEY DECIMAL CLASSIFICATION NUMBER
Classification number 954.02
100 ## - MAIN ENTRY--PERSONAL NAME
Personal name शर्मा, अशोक कुमार
245 ## - TITLE STATEMENT
Title भारत में मुग़ल साम्राज्य/
Statement of responsibility, etc अशोक कुमार शर्मा
250 ## - EDITION STATEMENT
Edition statement प्रथम
260 ## - PUBLICATION, DISTRIBUTION, ETC. (IMPRINT)
Place of publication, distribution, etc दिल्ली
Name of publisher, distributor, etc कृष्णा पब्लिशिंग हाउस
Date of publication, distribution, etc 2023
270 ## - ADDRESS
Address ए-49, तृतीय तल, गलीनं6 जगतपुरी एक्सटेंशन
City दिल्ली
Postal code 110093
Telephone number 0-8851868441
Electronic mail address kphouse2018@gmail.com
300 ## - PHYSICAL DESCRIPTION
Extent 216 पृ.
Dimensions 22 सेमी (सजिल्द )
942 ## - ADDED ENTRY ELEMENTS (KOHA)
Source of classification or shelving scheme Dewey Decimal Classification
Item type Hindi Books
Classification part 954.02
Call number suffix शर्माअ
Holdings
Withdrawn status Lost status Not for loan Collection code Home library Current library Date acquired Source of acquisition Cost, normal purchase price Full call number Barcode Copy number Cost, replacement price Koha item type
      Non-fiction Kadipur Kadipur 07/01/2025 DBAD 650.00 954.02 शर्माअ HN-101526 1 650.00 Hindi Books

© Delhi Public Library
Hit Counter
free hit counter